00433 2200169 4500001002100000005001500021008004100036035001900077041000700096082001000103090001600113100001500129245003100144260003000175300001900205650003900224INLIS00000000001529220241224114915241224||||||||| | ||| |||| || |  0010-1224015292 aid0 a551.2 a551.2 BAC k0 aT.Bachtiar00aKRAKATAU MENGEJUTKAN DUNIA aBandungbAgung Ilmuc2007 a107hlm;15X21cm 0ailmu-Ilmu Pengetahuan tentang bumi